The best of psychology today

Bibliographic Details
Format: Book
Published: New York : McGraw-Hill , 1990
Subjects:

MARC

LEADER 00000cam a2200000 7i4500
001 0000004736
002 000005106
005 20000330.0
020 |a 0075571382 
090 0 0 |a 150   |b BES 
245 0 4 |a The best of psychology today   |c edited by Paul Chance and T.George Harris 
260 |a New York :   |b McGraw-Hill ,   |c 1990 
300 |a 268p. ;   |c 27cm. 
650 0 0 |a Psychology 
999 |a 037487   |b BUKU   |c PINJAMAN   |e PERPUSTAKAAN KOMUNITI PETALING JAYA